000 00394nam a2200157Ia 4500
008 210210b1970 xxu||||| |||| 00| 0 eng d
082 _a621.381 LALF
100 _aLAL (K C)
245 _aFundamentals of electronics.
260 _aAgra.
_bRam Prasad & Sons,
_c1970
300 _aviii,440
650 _aElectronics
690 _aElectronics
700 _aSAXENA (R N).
906 _aSG00296
999 _c111834
_d111834